Statistics for 20 Popular Russian Words Translation Quiz

Click here to take the quiz!

General Stats

  • This quiz has been taken 2,225 times
  • The average score is 13 of 20

Answer Stats

Russian English % Correct
РоссияRussia
91%
МоскваMoscow
89%
приветHello
85%
таксиTaxi
83%
хорошоGood
81%
ресторанRestaurant
80%
водаWater
78%
аэропортAirport
78%
ночьNight
68%
пивоBeer
67%
билетTicket
64%
я хочуI want
64%
улицаStreet
63%
деньгиMoney
53%
гостьGuest
52%
мне нужноI need
49%
странаCountry
49%
закрытоClosed
48%
открытьOpen
48%
автовокзалBus Station
27%

Score Distribution

Percentile by Number Answered

Percent of People with Each Score

Your Score History

You have not taken this quiz